000 00488nam a22001697a 4500
005 20251108171944.0
008 250721s1982 xx 000 0 ara d
082 1 4 _a150/فائ
100 1 _aالحاج، فائز محمد علي
245 1 0 _aبحوث في علم النفس العام /
264 1 _aدمشق :
_bالمكتب الإسلامي،
_c1982.
300 _a286ص
500 _aالقسم الأول
650 1 7 _aعلم النفس
942 _2ddc
_cBK
999 _c66820
_d66820